| 000 | 00647nam a22002177a 4500 | ||
|---|---|---|---|
| 999 |
_c9308 _d9308 |
||
| 001 | 9308 | ||
| 003 | BD-JhCC | ||
| 005 | 20180314183012.0 | ||
| 008 | 180312s1972 bg p|||| |||| 00| 0 ben d | ||
| 035 | _a(BD-JhCC) 9308 | ||
| 040 |
_aBD-JhCC _dBD-JhCC |
||
| 041 | _aben | ||
| 082 |
_a320 _bOZA 1972 |
||
| 100 | _aওঝা, কৃত্তিবাস | ||
| 245 |
_aআমি মুজিব বলছি / _bকৃত্তিবাস ওঝা |
||
| 260 |
_aঢাকা : _bবাংলা বাজার _cOZA 1972 |
||
| 300 |
_a391 p : _bIll _c20 cm |
||
| 650 |
_aPolitics and government _zBangladesh |
||
| 942 |
_2ddc _cBK |
||